Social impact of FM (Record no. 116105)

MARC details
000 -LEADER
fixed length control field 01218cam a22002415a 4500
001 - CONTROL NUMBER
control field L159781
008 - FIXED-LENGTH DATA ELEMENTS--GENERAL INFORMATION
fixed length control field 171221s2017 xxk f 000 0 eng d
035 ## - SYSTEM CONTROL NUMBER
System control number (Sirsi) u159781
041 0# - LANGUAGE CODE
Language code of text/sound track or separate title eng
100 1# - MAIN ENTRY--PERSONAL NAME
Personal name Bean, Sara
245 00 - TITLE STATEMENT
Title Social impact of FM
260 ## - PUBLICATION, DISTRIBUTION, ETC.
Place of publication, distribution, etc. London
Name of publisher, distributor, etc. RICS
Date of publication, distribution, etc. 2017
300 ## - PHYSICAL DESCRIPTION
Extent 50p , 30cm
490 #0 - SERIES STATEMENT
Series statement RICS Strategic Facility Management Case Studies Series 5
520 ## - SUMMARY, ETC.
Summary, etc. A series of cases studies produced jointly with RICS and IFMA exploring social aspects of the Facilities Management (FM) profession and the impact and value that the services delivered can have on the communities and people who with who they work, employ and serve. Looks at how ISS is working to integrate armed forces leavers back into work, promoting personal and professional development through a Future Leadership programme, engaging with an increasingly age-diverse workforce, supporting small businesses supporting the living wage and improving learning and employment skills in the workplace
590 ## - LOCAL NOTE (RLIN)
Local note KA
651 #4 - SUBJECT ADDED ENTRY--GEOGRAPHIC NAME
Geographic name International
690 ## - LOCAL SUBJECT ADDED ENTRY--TOPICAL TERM (OCLC, RLIN)
Topical term or geographic name as entry element Facilities management
9 (RLIN) 6240
700 1# - ADDED ENTRY--PERSONAL NAME
Personal name Davies, Alex
700 1# - ADDED ENTRY--PERSONAL NAME
Personal name Sharp, David
710 1# - ADDED ENTRY--CORPORATE NAME
Corporate name or jurisdiction name as entry element International Workplace
9 (RLIN) 6143
942 ## - ADDED ENTRY ELEMENTS (KOHA)
Suppress in OPAC 0
Source of classification or shelving scheme Dewey Decimal Classification
Holdings
Withdrawn status Lost status Source of classification or shelving scheme Damaged status Not for loan Home library Current library Shelving location Date acquired Total Checkouts Full call number Barcode Date last seen Copy number Price effective from Koha item type
    Dewey Decimal Classification     Archives Archives Archive copy 21/12/2017   RICS 2017/15 30078410 06/08/2019 1 06/08/2019 Book
    Dewey Decimal Classification     London London RICS Boxes 21/12/2017   RICS 2017/15 30078404 06/08/2019 1 06/08/2019 Book
    Dewey Decimal Classification     London London RICS Boxes 21/12/2017   RICS 2017/15 50014365 06/08/2019 2 06/08/2019 Book